|
|
|
|
| LEADER |
00000cab a2200000 ar4500 |
| 001 |
vtls009143404 |
| 003 |
SK-MaSNL |
| 005 |
20260305031332.0 |
| 008 |
070925c2007 xo wr|p|||||||000 b|slo |
| 038 |
|
|
|a PPPK
|
| 040 |
|
|
|a PPPKCL
|b slo
|c PPPKCL
|e AACR2
|
| 041 |
0 |
|
|a slo
|
| 044 |
|
|
|a xo
|c SK
|
| 080 |
|
|
|a 796.352.093
|2 1997
|
| 245 |
0 |
0 |
|a Nultá Veľká cena Black Stork
|c [autor] (rmk) ; snímka Rastislav Michalák
|
| 300 |
|
|
|b Fotogr.
|
| 611 |
2 |
7 |
|a Veľká cena Black Stork
|n (0. :
|d 2007 :
|c Veľká Lomnica, Slovensko)
|2 pppkcl
|9 1609201
|
| 650 |
0 |
7 |
|a golf
|2 pppkcl
|9 3295
|
| 650 |
0 |
7 |
|a golfové turnaje
|2 pppkcl
|9 3296
|
| 650 |
0 |
7 |
|a výsledky
|2 pppkcl
|9 493505
|
| 651 |
|
7 |
|a Golfový areál Black Stork (Veľká Lomnica, Slovensko)
|2 pppkcl
|9 1609100
|
| 651 |
|
7 |
|a Veľká Lomnica (Slovensko)
|2 pppkcl
|9 26701
|
| 651 |
|
7 |
|a Kežmarok (Slovensko : okres)
|2 pppkcl
|9 51824
|
| 700 |
1 |
|
|a Michalák, Rastislav
|4 pht
|4 aut
|9 1609202
|
| 773 |
0 |
|
|t Podtatranské noviny
|g Roč. XLVIII, č. 18 (2007), s. 7
|
| 852 |
|
|
|a PPPK
|b KIS3GCP
|
| 999 |
|
|
|c 3315739
|d 3317669
|